000 01985cam a22005054i 4500
003 PE-LiUPU
005 20251015094307.0
008 180309s2015 ne 0 rb 001 0 eng d
020 _a9789004244917
035 _a(Sirsi) a241485
040 _aPE-LiUPU
_bspa
_cPE-LiUPU
_erda
049 _aPRUA
082 0 4 _a945.07
_bC28
_223
100 1 _aCaravale, Giorgio,
_eautor.
245 1 4 _aThe Italian reformation outside Italy :
_bFrancesco Pucci's heresy in sixteenth-century Europe /
_cGiorgio Caravale.
264 1 _aLeiden :
_bBrill,
_c2015.
300 _aXII, 274 páginas ;
_c25 centímetros.
336 _atext
_2rdacontent
337 _aunmediated
_2rdamedia
338 _avolume
_2rdacarrier
490 0 _aBrill's studies in intellectual history ;
_v246
504 _aBibliografía : páginas 239-264.
504 _aIndice : páginas 265-274.
505 0 _aBecoming a heretic in sixteenth-century Florence: Francesco Pucci and his intellectual education -- Francesco Pucci in France during the First Wars of Religion -- At the gates of Paris: Henry IV and the Roman Inquisition -- Among Catholics and Calvinists: Francesco Pucci in late sixteenth-century France -- Jean Hotman and French Irenicsim --The limits of the Kingdom of God -- Epilogue -- Conclusion: an Italian heresy.
526 _aP136
526 _aP135
526 _aP134
526 _aP133
526 _aP144
526 _aP143
526 _aP87
526 _aP35
526 _aP20
526 _aP14
526 _aP10
526 _aP06
650 0 4 _aReformation.
650 0 0 _aReforma
_91623
910 _adbm
_bksl
_cksl
_d20180309
942 _2ddc
_cBOOK
994 _aC0
_bPEPRU
596 _a1
999 _a945.07 C28
_wLC
_c27111
_i78467
_f2021-11-30
_g4
_lCCODEBUL1
_mBUL
_p38.00
_r0
_sY
_tBOOK
_u2018-3-9
_xTEOLOGIA
_PP35
_0COMPRA
_1FCOMPRA
_o.STAFF. Colección Teología
_d27111
980 _818226
_gJaime Vilcazán Jefe de Análisis Documental